000 01037nam a22002537a 4500
001 BRCA_9340
003 FranzMayer
005 20230918121057.0
008 230825b |||||||| |||| 00| 0 eng d
020 _a9701840909
040 _aMFM
_bespañol
_cMFM
050 0 _aN400.M6
_b.M37 2000
100 1 _4Autor
_aMassé Zendejas, Patricia
_929208
240 _aCruces y campa
_hUna experiencia mexicana del retrato tarjeta de visita
_lespañol
245 0 _aCruces y campa
_bUna experiencia mexicana del retrato tarjeta de visita
260 _aMéxico
_bCirculo de arte
_c2000
300 _a1 v
_bIlustraciones a color
_c17 cm
500 _aAnexo 1
500 _aEl libro contiene una dedicatoria en la primer página
505 _aTexto en: españolIncluye índice temáticoDirigido a. artistas, fotógrafos o historiadores del arte o de la historia mexicana.
650 1 _2Artes visuales
_aFotografía
_vLibros de foto
_929209
651 2 _2Catálogos y colecciones
_aArte mexicano
_vFotografía mexicana
_929210
942 _2lcc
_cB
999 _c10962
_d10962